000 00381nam a2200145Ia 4500
005 20251222153605.0
008 251222s9999||||xx |||||||||||||| ||spa||
020 _a9972425312
082 _a364.106/L45
100 _aLeoluca, Orlando
245 0 _aHacia una Cultura de la Legalidad:
250 _a1ra. ed.
264 _bPontificia Universidad Católica del Perú
942 _cLIB
999 _c31366
_d31366